[Event "Deltalift op"]
[Site "Tylosand"]
[Date "2018.05.10"]
[Round "1"]
[White "Akesson, Ralf"]
[Black "Johansson, Johnny"]
[Result "1-0"]
[WhiteElo "2392"]
[BlackElo "1909"]
[PlyCount "113"]
[EventDate "2018.05.10"]
[EventType "swiss"]
[EventRounds "8"]
[EventCountry "SWE"]
[SourceTitle "CBM 184 Extra"]
[Source "ChessBase"]
[SourceDate "2018.06.28"]
[SourceVersion "1"]
[SourceVersionDate "2018.06.28"]
[SourceQuality "1"]

1. d4 Nf6 2. Nf3 g6 3. c4 Bg7 4. Nc3 0-0 5. e4 d6 6. Be2 Nbd7 7. 0-0 e5 8. Qc2 c6 9. Rd1 Qe7 10. Rb1 Re8 11. d5 Nc5 12. Bg5 a5 13. Nd2 h6 14. Bh4 Na6 15. a3 c5 16. Nb3 b6 17. Nc1 Qd7 18. Nd3 Nh7 19. b4 f5 20. bxa5 g5 21. axb6 gxh4 22. exf5 Rb8 23. Bg4 Nf6 24. Bh3 Qd8 25. Qb3 Bb7 26. a4 h5 27. a5 Bh6 28. Ne1 e4 29. Nc2 Kh7 30. Re1 Qd7 31. Re2 Re7 32. Qb5 Rbe8 33. Qxd7 Rxd7 34. Rbe1 Rde7 35. Nb5 Rd7 36. Nc3 Rde7 37. g3 hxg3 38. hxg3 Bc8 39. f3 e3 40. Kg2 Rg8 41. Nxe3 Reg7 42. Nf1 Bf4 43. Re7 Be5 44. Rxg7+ Rxg7 45. Ne2 h4 46. f4 Bd4 47. Rd1 hxg3 48. Nfxg3 Nh5 49. Kf3 Nxg3 50. Nxg3 Re7 51. Ne4 Nb4 52. f6 Re8 53. f7 Rf8 54. Bxc8 Rxc8 55. Nxd6 Rd8 56. Rxd4 cxd4 57. Ne8 1-0

[Event "Vaxjo op"]
[Site "Vaxjo"]
[Date "2018.02.09"]
[Round "3"]
[White "Wengholm, Anders"]
[Black "Johansson, Johnny"]
[Result "1/2-1/2"]
[WhiteElo "2161"]
[BlackElo "1946"]
[PlyCount "64"]
[EventDate "2018.02.09"]
[EventType "swiss"]
[EventRounds "8"]
[EventCountry "SWE"]
[SourceTitle "CBM 182 Extra"]
[Source "ChessBase"]
[SourceDate "2018.02.23"]
[SourceVersion "1"]
[SourceVersionDate "2018.02.23"]
[SourceQuality "1"]

1. Nf3 Nf6 2. c4 g6 3. Nc3 Bg7 4. e4 d6 5. d4 0-0 6. Be2 Nbd7 7. 0-0 e5 8. Be3 c6 9. d5 c5 10. Ne1 Ne8 11. Nd3 f5 12. f4 exf4 13. Nxf4 Ne5 14. Ne6 Bxe6 15. dxe6 Nc7 16. exf5 gxf5 17. Qc2 Nxe6 18. Rxf5 Rxf5 19. Qxf5 Nd4 20. Qe4 Qb6 21. Rb1 Rf8 22. Bd3 Nxd3 23. Qxd3 a6 24. Nd5 Qd8 25. b4 b6 26. h3 Re8 27. Rf1 Nc6 28. bxc5 bxc5 29. Qf5 Ne5 30. Bg5 Qd7 31. Nf6+ Bxf6 32. Qxf6 Qe6 1/2-1/2

[Event "Deltalift op"]
[Site "Tylosand"]
[Date "2017.05.27"]
[Round "7"]
[White "Petersson, Baldur Teodor"]
[Black "Johansson, Johnny"]
[Result "1-0"]
[WhiteElo "2094"]
[BlackElo "1936"]
[PlyCount "67"]
[EventDate "2017.05.25"]
[EventType "swiss"]
[EventRounds "8"]
[EventCountry "SWE"]
[SourceTitle "CBM 178 Extra"]
[Source "ChessBase"]
[SourceDate "2017.06.22"]
[SourceVersion "1"]
[SourceVersionDate "2017.06.22"]
[SourceQuality "1"]

1. e4 c5 2. Nc3 d6 3. g3 Nc6 4. Bg2 g6 5. d3 Bg7 6. f4 Nf6 7. Nf3 0-0 8. 0-0 Rb8 9. a4 a6 10. h3 b5 11. axb5 axb5 12. Be3 b4 13. Ne2 Bb7 14. b3 Qc7 15. g4 Ra8 16. Rb1 Nd7 17. f5 Nde5 18. Nxe5 Nxe5 19. Nf4 Ra2 20. g5 Nd7 21. h4 Bd4 22. Bxd4 cxd4 23. Rf2 Qc5 24. fxg6 hxg6 25. Bh3 Ne5 26. h5 Kg7 27. Qf1 Raa8 28. Ne6+ fxe6 29. h6+ Kh7 30. Rxf8 Qxc2 31. Rf2 Qc8 32. Rf7+ Kh8 33. Rxe7 Ba6 34. Qf6+ 1-0